书目信息 |
| 题名: |
超声检测
|
|
| 作者: | 史亦韦 主编 ;国防科技工业无损检测人员资格鉴定与认证培训教材编审委员会 编 | |
| 分册: | ||
| 出版信息: | 北京 机械工业出版社 2021.3 |
|
| 页数: | 10,236页 | |
| 开本: | 26cm | |
| 丛书名: | ||
| 单 册: | ||
| 中图分类: | TB553 | |
| 科图分类: | ||
| 主题词: | 超声检测--教材 | |
| 电子资源: | ||
| ISBN: | 978-7-111-17034-1 | |
| 000 | 01172nam0 2200253 45 | |
| 001 | 012001002751 | |
| 005 | 20141008113135.0 | |
| 010 | @a978-7-111-17034-1@dCNY28.00 | |
| 100 | @a20050905d2005 em y0chiy50 ea | |
| 101 | 0 | @achi |
| 102 | @aCN@b110000 | |
| 105 | @aa z 000yy | |
| 106 | @ar | |
| 200 | 1 | @a超声检测@Achao sheng jian ce@f史亦韦主编@g《国防科技工业无损检测人员资格鉴定与认证培训教材》编审委员会编 |
| 210 | @a北京@c机械工业出版社@d2021.3 | |
| 215 | @a10,236页@c图@d26cm | |
| 300 | @a国防科技工业无损检测人员资格鉴定与认证培训教材 | |
| 330 | @a本书共分9章:第1章讲述基本原理;第2章讲述检测仪器、探头、试块、耦合剂的基础知识;第3章讲述检测技术的分类,第4章讲述超声检测中的通用技术;第5至8章讲述锻件、铸件等接头,复合材料及胶接材料的超声检测;第9章讲述超声检测标准、规程与质量控制。 | |
| 606 | 0 | @a超声检测@j教材 |
| 690 | @aTB553@v4 | |
| 701 | 0 | @a史亦韦@Ashi yi wei@c(女,@f1962~)@4主编 |
| 712 | 02 | @a国防科技工业无损检测人员资格鉴定与认证培训教材编审委员会@Aguo fang ke ji gong ye wu sun jian ce ren yuan zi ge jian ding yu ren zheng pei xun jiao cai bian shen wei yuan hui@4编 |
| 801 | 2 | @aCN@bBJSDL@c20211018 |
| 905 | @b1344781-4@dTB553@e616@f4 | |
| 超声检测/史亦韦主编/《国防科技工业无损检测人员资格鉴定与认证培训教材》编审委员会编.-北京:机械工业出版社,2021.3 |
| 10,236页:图;26cm |
| 国防科技工业无损检测人员资格鉴定与认证培训教材 |
| ISBN 978-7-111-17034-1:CNY28.00 |
| 本书共分9章:第1章讲述基本原理;第2章讲述检测仪器、探头、试块、耦合剂的基础知识;第3章讲述检测技术的分类,第4章讲述超声检测中的通用技术;第5至8章讲述锻件、铸件等接头,复合材料及胶接材料的超声检测;第9章讲述超声检测标准、规程与质量控制。 |
| ● |
| 相关链接 |
|
|
|
|
正题名:超声检测
索取号:TB553/616
 
预约/预借
| 序号 | 登录号 | 条形码 | 馆藏地/架位号 | 状态 | 备注 |
| 1 | 1344781 | 213447812 | 第二样本阅览室/ [索取号:TB553/616] | 在馆 | |
| 2 | 1344782 | 213447821 | 第三借阅区/ [索取号:TB553/616] | 在馆 | |
| 3 | 1344783 | 213447830 | 第三借阅区/ [索取号:TB553/616] | 在馆 | |
| 4 | 1344784 | 213447849 | 第三借阅区/ [索取号:TB553/616] | 在馆 |